Mastering proxmox: master the skills you need to build a rock-solid virtualization environment with the all new proxmox 4. (Record no. 196676)
[ view plain ]
| 000 -LEADER | |
|---|---|
| fixed length control field | 00588nam a2200157Ia 4500 |
| 008 - FIXED-LENGTH DATA ELEMENTS--GENERAL INFORMATION | |
| fixed length control field | 210716s2016 xx 000 0 und d |
| 020 ## - INTERNATIONAL STANDARD BOOK NUMBER | |
| International Standard Book Number | 9781785888243 |
| 041 ## - LANGUAGE CODE | |
| Language code of text/sound track or separate title | eng |
| 082 ## - DEWEY DECIMAL CLASSIFICATION NUMBER | |
| Classification number | 005.448 AHMW |
| 100 ## - MAIN ENTRY--PERSONAL NAME | |
| Personal name | Ahmed, Wasim. |
| 245 ## - TITLE STATEMENT | |
| Title | Mastering proxmox: master the skills you need to build a rock-solid virtualization environment with the all new proxmox 4. |
| Remainder of title | Master the skills you need to build a rock-solid virtualization environment with the all new proxmox 4. |
| 250 ## - EDITION STATEMENT | |
| Edition statement | 2 |
| 260 ## - PUBLICATION, DISTRIBUTION, ETC. | |
| Place of publication, distribution, etc. | Mumbai |
| Name of publisher, distributor, etc. | Packt Publishing Ltd |
| Date of publication, distribution, etc. | 2016 |
| 300 ## - PHYSICAL DESCRIPTION | |
| Extent | xxi,385 |
| 650 ## - SUBJECT ADDED ENTRY--TOPICAL TERM | |
| Topical term or geographic name entry element | Cloud Computing |
| Withdrawn status | Lost status | Damaged status | Not for loan | Collection code | Home library | Current library | Source of acquisition | Cost, normal purchase price | Total Checkouts | Full call number | Barcode | Date last seen | Cost, replacement price | Price effective from | Koha item type |
|---|---|---|---|---|---|---|---|---|---|---|---|---|---|---|---|
| MCA | St Aloysius Institute of Management & Information Technology | St Aloysius Institute of Management & Information Technology | Knowledge World | 1199.00 | 005.448 AHMW | MCA16191 | 05/23/2026 | 899.25 | 07/16/2021 | Book |